000 02300nam a22003617a 4500
001 BRCA_9196
003 FranzMayer
005 20220809133030.0
008 220708b |||||||| |||| 00| 0 spa d
020 _a9788494824425
040 _bspa
_cMFM
041 _aspa
050 _aF1386.25
_bZ63 2018
245 0 3 _aEl Zócalo 500 años :
_bnarrados desde el Palacio de Moctezuma
260 _aEspaña :
_bNacional Monte de Piedad,
_bEl Viso,
_c2018
300 _a162 p. :
_bil y fot. col. ;
_c29 x 32 cm.
500 _aUbicación: L59-N5
500 _aIncluye imágenes de la Colección Museo Franz Mayer (pp. 3, 134)
500 _aÍndice: pp. 10-11
504 _aBibliografía: pp. 155-162
505 2 _tMonte de Piedad: testigo, protagonista y hoy narrador de la Historia de México /
_rJosé Manuel del Barrio
505 2 _tEl Zócalo:
_rpalimpsesto de tinta, piedra y memoria /
_gClaudia Itzkowich Schñadower
505 2 _tCiudad indígena, ciudad española: poder, urbanismo y vida cotidiana en la Ciudad de México durante la primera mitad del siglo XVI /
_rAlejandro Alcántara Gallegos
505 2 _tLa Plaza Mayor de México y su vida cotidiana. Una mirada a partir de cronistas y viajeros /
_rAntonio Rubial García
505 2 _tIlusión, vivencia y tragedia. La Ciudad de México de las reformas borbónicas a la invasión de 1847 /
_rLeticia Mayer Celis
505 2 _tEsa moderna manía de derrumbar y construir. Fiesta, higiene, salud y filantropía en la ciudad. De la reforma al porfiriato /
_rMaría Dolores Lorenzo Río
505 2 _tEl Centro Histórico aprende a renacer: de la Revolución de 1910 al siglo XXI /
_rClaudia Itzkowich Schñadower
505 2 _tAlgunas fechas y sucesos memorables /
_rClaudia Itzkowich Schñadower
520 _aLas páginas de este libro permiten viajar en el tiempo y, desde el ángulo norponiente del Zócalo, ser testigo de ceremonias, carnavales, batallas, catástrofes, fiestas y discretas escenas de la vida cotidiana, a través de la pluma de los especialistas Alejandro Alcántara, Antonio Rubial, Leticia Mayer, María Dolores Lorenzo y Claudia Itzkowich.
651 _aMéxico
_xHistoria
_zZócalo
_928435
942 _2lcc
_cB
999 _c10815
_d10815